000
00202 a2200097 4500
001
32578
100
_a
Sadat
245
_a
In search of Identify
260
_a
london
_b
collins
_c
090
_c
21794
_d
21794
942
_a
NUST-CAE
_c
M
_c
13107
999
_c
267651
_d
267651